000 00601cam a22002173a 4500
001 38052
003 PGUSA
005 20140828083833.0
008 111118s2011||||xxu|||||s|||||000 | eng d
040 _aPGUSA
_beng
042 _adc
100 1 _aMasefield, John,
_d1878-1967
245 1 0 _aReynard the Fox
_h[electronic resource] /
_cJohn Masefield
260 _bProject Gutenberg,
_c2011
506 _aPublic domain in the USA.
516 _aElectronic text
700 1 _aMoorepark, Carton
830 0 _aProject Gutenberg
_v38052
856 4 0 _uhttp://www.gutenberg.org/ebooks/38052
942 _cEB
999 _c267306
_d267306